000 00515nam a2200193Ia 4500
005 20250423094613.0
008 250422s9999 xx 000 0 und d
020 _a9780415607537
050 _aQR 182.55 .L93/
100 _aLydyard, Peter
245 0 _aBIOS instant notes: immunology
250 _a3rd ed.
260 _aNew York
260 _bGarland Science
260 _c2011
300 _a358 p
650 _a Immunology--Outlines, syllabi, etc. Immunity--Oulines, syllabi, etc.
942 _cBK
999 _c27739
_d27739